Thiết kế vi mạch CMOS VLSI. Tập 3

Zapisane w:
Opis bibliograficzny
1. autor: Tống Văn On chủ biên
Format: Książka
Język:Vietnamese
Wydane: Phương Đông 2008
Hasła przedmiotowe:
Etykiety: Dodaj etykietę
Nie ma etykietki, Dołącz pierwszą etykiete!
Thư viện lưu trữ: Mạng thư viện Đại học Đà Nẵng
LEADER 01008nam a2200313 a 4500
001 000002883
003 03816
005 20171229145311.0
008 171229s2008 vie
040 |a LSK 
041 0 |a VIE 
082 0 |a 621.395  |b TÔ-O 
100 1 |a Tống Văn On chủ biên 
245 0 0 |a Thiết kế vi mạch CMOS VLSI. Tập 3 
260 |b Phương Đông  |c 2008 
300 |a 356 pages  |c 24 cm. 
653 |a Điện tử - Vi điều khiển 
852 |a Phòng Đọc - Phòng Mượn 
901 |a 10 
927 |a Sách tham khảo 
OWN |a LSK 
AVA |a UDN50  |b LSK  |d 621.395 TÔ-O  |e available  |t Error 5001 Not defined in file expand_doc_bib_avail.  |f 10  |g 0  |h N  |i 0  |k 1 
999 |a From the UDN01 
AVA |a UDN50  |b LSK  |d 621.395 TÔ-O  |e available  |t Error 5001 Not defined in file expand_doc_bib_avail.  |f 10  |g 0  |h N  |i 0  |k 1 
TYP |a Monograph 
TYP |a Printed language 
980 |a Mạng thư viện Đại học Đà Nẵng